Harry Potter français-anglais - Statistiques

Statistiques générales
  • Ce quiz a été pris 7 272 fois
  • Le résultat moyen est 9 sur 15
Statistiques - réponses
Anglais Réponse % Correct
Hogwarts Poudlard
99%
Slytherin Serpentard
95%
Snape Rogue
91%
Muggle Moldu
82%
Longbottom Londubat
81%
Galleon Gallion
70%
Death Eater Mangemort
64%
Grawp Graup
61%
Diagon Alley Chemin de Traverse
60%
Moaning Myrtle Mimi Geignarde
46%
Daily Prophet La Gazette du Sorcier
40%
Hogsmeade Pré-au-Lard
39%
Thestral Sombral
36%
Remembrall Rapeltout
25%
Skele-Gro Poussos
14%
Aucun quiz correspondant
Distribution des résultats
% des personnes avec chaque résultat
Percentile par nombre de réponses
Votre historique - résultats
Vous n’avez pas pris ce quiz